[Event "Tournoi International du Pays de Charleroi 2018"]
[Site "Roux, Belgium"]
[Date "2018.07.30"]
[Round "3.18"]
[White "Vanderwaeren, Serge"]
[Black "Gillot, Florent"]
[Result "1-0"]
[WhiteTitle "FM"]
[WhiteElo "2145"]
[BlackElo "1975"]

1. Nf3 {[%clk 01:30:41]} {[%emt 00:00:17]} Nf6 {[%clk 01:30:50]} {[%emt
00:00:12]} 2. c4 {[%clk 01:31:05]} {[%emt 00:00:06]} e6 {[%clk 01:31:14]}
{[%emt 00:00:05]} 3. g3 {[%clk 01:31:20]} {[%emt 00:00:15]} a6 {[%clk
01:31:33]} {[%emt 00:00:12]} 4. Nc3 {[%clk 01:31:37]} {[%emt 00:00:12]} c5
{[%clk 01:29:38]} {[%emt 00:02:26]} 5. Bg2 {[%clk 01:31:23]} {[%emt 00:00:43]}
Nc6 {[%clk 01:28:15]} {[%emt 00:01:54]} 6. O-O {[%clk 01:31:36]} {[%emt
00:00:16]} Be7 {[%clk 01:27:45]} {[%emt 00:01:01]} 7. d4 {[%clk 01:31:41]}
{[%emt 00:00:24]} cxd4 {[%clk 01:27:20]} {[%emt 00:00:55]} 8. Nxd4 {[%clk
01:32:01]} {[%emt 00:00:09]} O-O {[%clk 01:22:32]} {[%emt 00:05:19]} 9. e4
{[%clk 01:28:15]} {[%emt 00:04:16]} Qc7 {[%clk 01:17:55]} {[%emt 00:05:08]} 10.
Be3 {[%clk 01:27:10]} {[%emt 00:01:33]} d6 {[%clk 01:10:28]} {[%emt 00:07:59]}
11. Rc1 {[%clk 01:26:22]} {[%emt 00:01:17]} Bd7 {[%clk 01:07:45]} {[%emt
00:03:13]} 12. Nd5 {[%clk 01:21:50]} {[%emt 00:04:58]} Qd8 {[%clk 01:02:10]}
{[%emt 00:06:10]} 13. Nxe7+ {[%clk 01:21:47]} {[%emt 00:00:33]} Qxe7 {[%clk
01:02:29]} {[%emt 00:00:11]} 14. h3 {[%clk 01:20:42]} {[%emt 00:01:33]} Nxd4
{[%clk 00:58:58]} {[%emt 00:04:03]} 15. Bxd4 {[%clk 01:20:42]} {[%emt
00:00:28]} Bc6 {[%clk 00:53:52]} {[%emt 00:05:38]} 16. f3 {[%clk 01:20:01]}
{[%emt 00:01:08]} Rfd8 {[%clk 00:51:24]} {[%emt 00:02:59]} 17. Qe2 {[%clk
01:20:09]} {[%emt 00:00:20]} Rac8 {[%clk 00:49:29]} {[%emt 00:02:29]} 18. Kh2
{[%clk 01:19:54]} {[%emt 00:00:43]} b5 {[%clk 00:42:35]} {[%emt 00:07:25]} 19.
c5 {[%clk 01:16:15]} {[%emt 00:04:09]} dxc5 {[%clk 00:42:28]} {[%emt 00:00:38]}
20. Bxc5 {[%clk 01:16:35]} {[%emt 00:00:09]} Qb7 {[%clk 00:42:46]} {[%emt
00:00:12]} 21. Rfd1 {[%clk 01:15:49]} {[%emt 00:01:15]} h6 {[%clk 00:40:50]}
{[%emt 00:02:27]} 22. Rxd8+ {[%clk 01:15:05]} {[%emt 00:01:14]} Rxd8 {[%clk
00:41:02]} {[%emt 00:00:19]} 23. Rd1 {[%clk 01:14:49]} {[%emt 00:00:43]} Rxd1
{[%clk 00:38:15]} {[%emt 00:03:19]} 24. Qxd1 {[%clk 01:15:10]} {[%emt
00:00:09]} Qd7 {[%clk 00:38:40]} {[%emt 00:00:06]} 25. Qd6 {[%clk 01:14:44]}
{[%emt 00:00:54]} Qxd6 {[%clk 00:37:50]} {[%emt 00:01:21]} 26. Bxd6 {[%clk
01:15:04]} {[%emt 00:00:09]} Ne8 {[%clk 00:37:55]} {[%emt 00:00:26]} 27. Bb4
{[%clk 01:14:59]} {[%emt 00:00:35]} f6 {[%clk 00:37:26]} {[%emt 00:00:59]} 28.
Kg1 {[%clk 01:15:11]} {[%emt 00:00:18]} Kf7 {[%clk 00:36:12]} {[%emt 00:01:44]}
29. Kf2 {[%clk 01:15:32]} {[%emt 00:00:08]} e5 {[%clk 00:35:26]} {[%emt
00:01:17]} 30. Ke3 {[%clk 01:15:56]} {[%emt 00:00:05]} Ke6 {[%clk 00:34:05]}
{[%emt 00:01:52]} 31. h4 {[%clk 01:16:12]} {[%emt 00:00:14]} Kf7 {[%clk
00:28:21]} {[%emt 00:06:14]} 32. Bh3 {[%clk 01:16:22]} {[%emt 00:00:19]} Bb7
{[%clk 00:28:34]} {[%emt 00:00:18]} 33. f4 {[%clk 01:16:10]} {[%emt 00:00:42]}
g5 {[%clk 00:27:39]} {[%emt 00:01:25]} 34. f5 {[%clk 01:15:14]} {[%emt
00:01:26]} Ng7 {[%clk 00:24:11]} {[%emt 00:03:58]} 35. Bg4 {[%clk 01:15:00]}
{[%emt 00:00:43]} Ke8 {[%clk 00:20:31]} {[%emt 00:04:11]} 36. Bd1 {[%clk
01:14:49]} {[%emt 00:00:41]} Bc6 {[%clk 00:18:31]} {[%emt 00:02:30]} 37. Kd3
{[%clk 01:14:31]} {[%emt 00:00:46]} Bd7 {[%clk 00:17:03]} {[%emt 00:02:00]} 38.
Bc5 {[%clk 01:12:40]} {[%emt 00:02:16]} Bc6 {[%clk 00:15:23]} {[%emt 00:02:15]}
39. h5 {[%clk 01:12:27]} {[%emt 00:00:42]} a5 {[%clk 00:13:25]} {[%emt
00:02:29]} 40. Bb6 {[%clk 01:12:16]} {[%emt 00:00:41]} a4 {[%clk 00:13:31]}
{[%emt 00:00:24]} 41. Bc5 {[%clk 01:11:43]} {[%emt 00:01:02]} Kf7 {[%clk
00:10:44]} {[%emt 00:03:17]} 42. g4 {[%clk 01:11:28]} {[%emt 00:00:45]} Ne8
{[%clk 00:09:47]} {[%emt 00:01:28]} 43. Bc2 {[%clk 01:10:51]} {[%emt 00:01:06]}
Nc7 {[%clk 00:03:54]} {[%emt 00:06:23]} 44. a3 {[%clk 01:08:15]} {[%emt
00:03:07]} Na6 {[%clk 00:01:37]} {[%emt 00:02:47]} 45. Bd6 {[%clk 01:08:25]}
{[%emt 00:00:17]} Kg7 {[%clk 00:26:05]} {[%emt 00:06:05]} 46. Bb1 {[%clk
01:38:27]} {[%emt 00:00:25]} Kf7 {[%clk 00:12:37]} {[%emt 00:14:00]} 47. Ba2+
{[%clk 01:38:48]} {[%emt 00:00:09]} Ke8 {[%clk 00:13:03]} {[%emt 00:00:05]} 48.
Be6 {[%clk 01:38:32]} {[%emt 00:00:45]} Kd8 {[%clk 00:13:08]} {[%emt 00:00:25]}
49. Ke3 {[%clk 01:37:31]} {[%emt 00:01:31]} Bd7 {[%clk 00:09:13]} {[%emt
00:04:25]} 50. Bd5 {[%clk 01:36:38]} {[%emt 00:01:22]} Nc7 {[%clk 00:08:59]}
{[%emt 00:00:47]} 51. Bf7 {[%clk 01:35:50]} {[%emt 00:01:11]} Na8 {[%clk
00:08:25]} {[%emt 00:01:10]} 52. Bf8 {[%clk 01:35:35]} {[%emt 00:00:45]} Nb6
{[%clk 00:08:17]} {[%emt 00:00:39]} 53. Bxh6 {[%clk 01:35:36]} {[%emt
00:00:27]} Ke7 {[%clk 00:08:11]} {[%emt 00:00:37]} 54. Bg8 {[%clk 01:35:31]}
{[%emt 00:00:30]} Be8 {[%clk 00:07:11]} {[%emt 00:01:34]} 55. Bh7 {[%clk
01:28:08]} {[%emt 00:07:50]} Bf7 {[%clk 00:06:40]} {[%emt 00:01:05]} 56. Bg7
{[%clk 01:28:12]} {[%emt 00:00:24]} Nc4+ {[%clk 00:07:02]} {[%emt 00:00:10]} 57.
Kd3 {[%clk 01:26:18]} {[%emt 00:02:23]} Nxb2+ {[%clk 00:06:23]} {[%emt
00:01:10]} 58. Kc3 {[%clk 01:26:41]} {[%emt 00:00:07]} Nd1+ {[%clk 00:05:10]}
{[%emt 00:01:43]} 59. Kb4 {[%clk 01:26:59]} {[%emt 00:00:12]} Nf2 {[%clk
00:05:13]} {[%emt 00:00:27]} 60. h6 {[%clk 01:27:18]} {[%emt 00:00:10]} Nxg4
{[%clk 00:05:02]} {[%emt 00:01:14]} 61. Bg6 {[%clk 01:28:04]} {[%emt 00:00:11]}
Bg8 {[%clk 00:05:06]} {[%emt 00:00:26]} 62. h7 {[%clk 01:28:12]} {[%emt
00:00:23]} Bxh7 {[%clk 00:05:28]} {[%emt 00:00:08]} 63. Bxh7 {[%clk 01:28:36]}
{[%emt 00:00:03]} Kf7 {[%clk 00:05:52]} {[%emt 00:00:09]} 64. Bh8 {[%clk
01:27:31]} {[%emt 00:01:35]} Nf2 {[%clk 00:05:35]} {[%emt 00:00:47]} 65. Bg6+
{[%clk 01:27:51]} {[%emt 00:00:09]} Ke7 {[%clk 00:05:59]} {[%emt 00:00:07]} 66.
Bh5 {[%clk 01:27:45]} {[%emt 00:00:34]} Nxe4 {[%clk 00:05:57]} {[%emt
00:00:34]} 67. Kxb5 {[%clk 01:27:57]} {[%emt 00:00:17]} Nd6+ {[%clk 00:05:26]}
{[%emt 00:01:02]} 68. Kxa4 {[%clk 01:28:05]} {[%emt 00:00:22]} Nxf5 {[%clk
00:05:45]} {[%emt 00:00:11]} 69. Kb4 {[%clk 01:28:20]} {[%emt 00:00:14]} Nd4
{[%clk 00:05:40]} {[%emt 00:00:35]} 70. a4 {[%clk 01:28:17]} {[%emt 00:00:34]}
Ke6 {[%clk 00:05:29]} {[%emt 00:00:41]} 71. Bg7 {[%clk 01:27:44]} {[%emt
00:01:03]} f5 {[%clk 00:05:26]} {[%emt 00:00:34]} 72. Kc4 {[%clk 01:27:53]}
{[%emt 00:00:19]} g4 {[%clk 00:04:43]} {[%emt 00:01:14]} 73. Bh6 {[%clk
01:26:44]} {[%emt 00:01:38]} g3 {[%clk 00:04:23]} {[%emt 00:00:51]} 74. Be3
{[%clk 01:27:02]} {[%emt 00:00:11]} g2 {[%clk 00:04:44]} {[%emt 00:00:10]} 75.
a5 {[%clk 01:27:01]} {[%emt 00:00:31]} f4 {[%clk 00:04:14]} {[%emt 00:01:00]}
76. Bf2 {[%clk 01:26:15]} {[%emt 00:01:15]} Kd6 {[%clk 00:03:26]} {[%emt
00:01:18]} 77. a6 {[%clk 01:24:58]} {[%emt 00:01:47]} Kc6 {[%clk 00:03:11]}
{[%emt 00:00:46]} 78. Kd3 {[%clk 01:22:44]} {[%emt 00:02:43]} Kb6 {[%clk
00:02:53]} {[%emt 00:00:49]} 79. Ke4 {[%clk 01:21:45]} {[%emt 00:01:28]} Kxa6
{[%clk 00:03:03]} {[%emt 00:00:22]} 80. Kxe5 {[%clk 01:21:45]} {[%emt
00:00:27]} Nc2 {[%clk 00:03:02]} {[%emt 00:00:31]} 81. Be2+ {[%clk 01:21:21]}
{[%emt 00:00:55]} Ka5 {[%clk 00:02:51]} {[%emt 00:00:42]} 82. Kxf4 {[%clk
01:21:40]} {[%emt 00:00:10]} Kb4 {[%clk 00:02:31]} {[%emt 00:00:50]} 83. Bf3
{[%clk 01:21:37]} {[%emt 00:00:33]} Kc4 {[%clk 00:02:21]} {[%emt 00:00:41]} 84.
Bxg2 {[%clk 01:21:59]} {[%emt 00:00:08]} Nb4 {[%clk 00:02:45]} {[%emt
00:00:07]} 85. Ke4 {[%clk 01:22:10]} {[%emt 00:00:15]} Nc6 {[%clk 00:02:27]}
{[%emt 00:00:51]} 86. Bf1+ {[%clk 01:22:12]} {[%emt 00:00:27]} Kc3 {[%clk
00:02:24]} {[%emt 00:00:34]} 87. Be3 {[%clk 01:22:17]} {[%emt 00:00:24]} Nb4
{[%clk 00:02:21]} {[%emt 00:00:34]} 88. Be2 {[%clk 01:22:10]} {[%emt 00:00:37]}
Nc2 {[%clk 00:02:41]} {[%emt 00:00:11]} 89. Bg5 {[%clk 01:22:08]} {[%emt
00:00:30]} Nb4 {[%clk 00:02:31]} {[%emt 00:00:40]} 90. Bf6+ {[%clk 01:22:04]}
{[%emt 00:00:34]} Kd2 {[%clk 00:02:56]} {[%emt 00:00:06]} 91. Bc4 {[%clk
01:22:12]} {[%emt 00:00:21]} Nc2 {[%clk 00:02:47]} {[%emt 00:00:40]} 92. Be7
{[%clk 01:21:18]} {[%emt 00:01:23]} Kc3 {[%clk 00:03:11]} {[%emt 00:00:07]} 93.
Bd3 {[%clk 01:21:25]} {[%emt 00:00:22]} Ne1 {[%clk 00:03:07]} {[%emt 00:00:36]}
94. Bf6+ {[%clk 01:21:27]} {[%emt 00:00:27]} Kd2 {[%clk 00:03:33]} {[%emt
00:00:04]} 95. Bg5+ {[%clk 01:20:27]} {[%emt 00:01:29]} Kc3 {[%clk 00:03:48]}
{[%emt 00:00:15]} 96. Bf6+ {[%clk 01:20:50]} {[%emt 00:00:07]} Kd2 {[%clk
00:04:12]} {[%emt 00:00:07]} 97. Ba6 {[%clk 01:21:11]} {[%emt 00:00:09]} Nc2
{[%clk 00:04:26]} {[%emt 00:00:15]} 98. Bd8 {[%clk 01:21:23]} {[%emt 00:00:18]}
Kc3 {[%clk 00:04:22]} {[%emt 00:00:34]} 99. Ba5+ {[%clk 01:21:40]} {[%emt
00:00:14]} Kb3 {[%clk 00:04:46]} {[%emt 00:00:06]} 100. Bb5 {[%clk 01:21:46]}
{[%emt 00:00:23]} Na3 {[%clk 00:04:58]} {[%emt 00:00:19]} 101. Be8 {[%clk
01:21:49]} {[%emt 00:00:27]} Nc2 {[%clk 00:05:16]} {[%emt 00:00:12]} 102. Bf7+
{[%clk 01:21:51]} {[%emt 00:00:28]} Ka4 {[%clk 00:05:14]} {[%emt 00:00:32]} 103.
Bd2 {[%clk 01:21:40]} {[%emt 00:00:40]} Kb5 {[%clk 00:05:17]} {[%emt 00:00:28]}
104. Kd3 {[%clk 01:21:34]} {[%emt 00:00:36]} Nb4+ {[%clk 00:05:35]} {[%emt
00:00:12]} 105. Kc3 {[%clk 01:21:53]} {[%emt 00:00:09]} Nc6 {[%clk 00:05:30]}
{[%emt 00:00:36]} 106. Be3 {[%clk 01:21:28]} {[%emt 00:00:54]} Ka6 {[%clk
00:03:41]} {[%emt 00:02:20]} 107. Be8 {[%clk 01:21:16]} {[%emt 00:00:41]} Kb7
{[%clk 00:03:45]} {[%emt 00:00:27]} 108. Kc4 {[%clk 01:21:12]} {[%emt
00:00:34]} Kc7 {[%clk 00:03:27]} {[%emt 00:00:49]} 109. Kc5 {[%clk 01:21:24]}
{[%emt 00:00:17]} Ne7 {[%clk 00:03:45]} {[%emt 00:00:13]} 110. Bf4+ {[%clk
01:20:57]} {[%emt 00:00:56]} Kd8 {[%clk 00:04:11]} {[%emt 00:00:05]} 111. Ba4
{[%clk 01:21:00]} {[%emt 00:00:26]} Nc8 {[%clk 00:03:54]} {[%emt 00:00:48]} 112.
Bg5+ {[%clk 01:19:55]} {[%emt 00:01:35]} Kc7 {[%clk 00:04:10]} {[%emt
00:00:14]} 113. Bc6 {[%clk 01:19:46]} {[%emt 00:00:39]} Na7 {[%clk 00:04:01]}
{[%emt 00:00:39]} 114. Bf4+ {[%clk 01:19:54]} {[%emt 00:00:20]} Kd8 {[%clk
00:03:55]} {[%emt 00:00:37]} 115. Ba4 {[%clk 01:20:04]} {[%emt 00:00:20]} Nc8
{[%clk 00:04:19]} {[%emt 00:00:07]} 116. Kc6 {[%clk 01:20:08]} {[%emt
00:00:24]} Ne7+ {[%clk 00:01:59]} {[%emt 00:02:52]} 117. Kb7 {[%clk 01:20:21]}
{[%emt 00:00:14]} Nd5 {[%clk 00:01:12]} {[%emt 00:01:21]} 118. Bg5+ {[%clk
01:20:29]} {[%emt 00:00:20]} Ne7 {[%clk 00:01:39]} {[%emt 00:00:04]} 119. Kb6
{[%clk 01:20:20]} {[%emt 00:00:37]} 1-0

[Event "Tournoi International du Pays de Charleroi 2018"]
[Site "Roux, Belgium"]
[Date "2018.07.30"]
[Round "3.30"]
[White "Van Uytven, Eric"]
[Black "Henris, Luc"]
[Result "1/2-1/2"]
[BlackTitle "FM"]
[WhiteElo "2046"]
[BlackElo "2204"]

1. d4 {[%clk 01:30:50]} {[%emt 00:00:08]} d6 {[%clk 01:30:32]} {[%emt
00:00:30]} 2. e4 {[%clk 01:20:38]} {[%emt 00:10:40]} Nf6 {[%clk 01:30:29]}
{[%emt 00:00:35]} 3. Nc3 {[%clk 01:20:57]} {[%emt 00:00:10]} e5 {[%clk
01:30:55]} {[%emt 00:00:05]} 4. dxe5 {[%clk 01:20:15]} {[%emt 00:01:11]} dxe5
{[%clk 01:31:19]} {[%emt 00:00:07]} 5. Qxd8+ {[%clk 01:20:36]} {[%emt
00:00:07]} Kxd8 {[%clk 01:31:48]} {[%emt 00:00:03]} 6. Bc4 {[%clk 01:20:46]}
{[%emt 00:00:18]} Be6 {[%clk 01:29:06]} {[%emt 00:03:14]} 7. Bxe6 {[%clk
01:20:38]} {[%emt 00:00:37]} fxe6 {[%clk 01:29:30]} {[%emt 00:00:06]} 8. f3
{[%clk 01:14:17]} {[%emt 00:06:49]} Bc5 {[%clk 01:28:37]} {[%emt 00:01:25]} 9.
Na4 {[%clk 01:03:44]} {[%emt 00:11:01]} Bd6 {[%clk 01:26:10]} {[%emt 00:02:58]}
10. Be3 {[%clk 01:03:01]} {[%emt 00:01:12]} Nbd7 {[%clk 01:26:14]} {[%emt
00:00:28]} 11. Nh3 {[%clk 00:53:10]} {[%emt 00:10:20]} Ke7 {[%clk 01:25:30]}
{[%emt 00:01:16]} 12. Nf2 {[%clk 00:38:17]} {[%emt 00:15:21]} b5 {[%clk
01:19:15]} {[%emt 00:06:47]} 13. Nc3 {[%clk 00:38:14]} {[%emt 00:00:32]} a6
{[%clk 01:15:02]} {[%emt 00:04:44]} 14. Ke2 {[%clk 00:30:47]} {[%emt 00:07:56]}
c5 {[%clk 01:08:45]} {[%emt 00:06:48]} 15. Rhc1 {[%clk 00:23:40]} {[%emt
00:07:35]} c4 {[%clk 00:59:17]} {[%emt 00:09:59]} 16. Nfd1 {[%clk 00:19:25]}
{[%emt 00:04:42]} h6 {[%clk 00:57:27]} {[%emt 00:02:23]} 17. a3 {[%clk
00:15:47]} {[%emt 00:04:08]} g5 {[%clk 00:55:51]} {[%emt 00:02:06]} 18. Nf2
{[%clk 00:12:43]} {[%emt 00:03:32]} Nh5 {[%clk 00:52:59]} {[%emt 00:03:24]} 19.
g3 {[%clk 00:12:16]} {[%emt 00:00:56]} Nhf6 {[%clk 00:44:32]} {[%emt 00:08:58]}
20. Rh1 {[%clk 00:11:00]} {[%emt 00:01:45]} Rag8 {[%clk 00:40:32]} {[%emt
00:04:31]} 21. g4 {[%clk 00:05:58]} {[%emt 00:05:32]} h5 {[%clk 00:31:40]}
{[%emt 00:09:22]} 22. h4 {[%clk 00:05:58]} {[%emt 00:00:29]} hxg4 {[%clk
00:31:39]} {[%emt 00:00:32]} 23. Bxg5 {[%clk 00:05:25]} {[%emt 00:01:02]} gxf3+
{[%clk 00:31:05]} {[%emt 00:01:05]} 24. Kxf3 {[%clk 00:05:44]} {[%emt
00:00:11]} Ke8 {[%clk 00:28:54]} {[%emt 00:02:40]} 25. Ng4 {[%clk 00:02:43]}
{[%emt 00:03:30]} Nh5 {[%clk 00:24:46]} {[%emt 00:04:40]} 26. Ne2 {[%clk
00:02:26]} {[%emt 00:00:47]} Rf8+ {[%clk 00:23:22]} {[%emt 00:01:54]} 27. Ke3
{[%clk 00:02:14]} {[%emt 00:00:41]} Bc5+ {[%clk 00:19:43]} {[%emt 00:04:10]} 28.
Kd2 {[%clk 00:02:41]} {[%emt 00:00:03]} Rf3 {[%clk 00:19:14]} {[%emt 00:00:59]}
29. Raf1 {[%clk 00:02:45]} {[%emt 00:00:25]} Rhf8 {[%clk 00:19:02]} {[%emt
00:00:42]} 30. Rxf3 {[%clk 00:03:08]} {[%emt 00:00:07]} Rxf3 {[%clk 00:19:29]}
{[%emt 00:00:04]} 31. Ke1 {[%clk 00:03:00]} {[%emt 00:00:38]} Be7 {[%clk
00:17:29]} {[%emt 00:02:30]} 32. Rf1 {[%clk 00:02:26]} {[%emt 00:01:03]} Rxf1+
{[%clk 00:17:33]} {[%emt 00:00:27]} 33. Kxf1 {[%clk 00:02:55]} Bxg5 {[%clk
00:17:37]} {[%emt 00:00:27]} 34. hxg5 {[%clk 00:03:23]} {[%emt 00:00:02]} Kf7
{[%clk 00:17:33]} {[%emt 00:00:34]} 35. Kf2 {[%clk 00:02:43]} {[%emt 00:01:10]}
Kg6 {[%clk 00:17:27]} {[%emt 00:00:36]} 36. Nf6 {[%clk 00:01:24]} {[%emt
00:01:48]} Nhxf6 {[%clk 00:15:42]} {[%emt 00:02:16]} 37. gxf6 {[%clk 00:01:52]}
{[%emt 00:00:02]} Kxf6 {[%clk 00:15:34]} {[%emt 00:00:38]} 38. Ke3 {[%clk
00:01:26]} {[%emt 00:00:55]} Nc5 {[%clk 00:14:39]} {[%emt 00:01:26]} 39. Ng1
{[%clk 00:00:45]} {[%emt 00:01:11]} Ke7 {[%clk 00:14:12]} {[%emt 00:00:56]} 40.
Nf3 {[%clk 00:01:01]} {[%emt 00:00:14]} Kd6 {[%clk 00:14:37]} {[%emt 00:00:05]}
41. Ng5 {[%clk 00:19:04]} {[%emt 00:12:27]} Ke7 {[%clk 00:43:49]} {[%emt
00:01:18]} 42. Nf3 {[%clk 00:19:13]} {[%emt 00:00:21]} Kf6 {[%clk 00:43:50]}
{[%emt 00:00:29]} 43. Nd2 {[%clk 00:19:02]} {[%emt 00:00:40]} Ke7 {[%clk
00:34:34]} {[%emt 00:09:47]} 44. Nf3 {[%clk 00:18:17]} {[%emt 00:01:13]} Nd7
{[%clk 00:34:00]} {[%emt 00:01:07]} 45. b3 {[%clk 00:10:53]} {[%emt 00:07:54]}
cxb3 {[%emt 00:01:35]} 46. cxb3 {[%clk 00:11:15]} {[%emt 00:00:04]} Kf6 {[%clk
00:32:01]} {[%emt 00:01:27]} 47. Nd2 {[%clk 00:08:01]} {[%emt 00:03:43]} Nc5
{[%clk 00:31:29]} {[%emt 00:01:04]} 48. Kf3 {[%clk 00:07:37]} {[%emt 00:00:54]}
Nb7 {[%clk 00:27:37]} {[%emt 00:04:21]} 49. Ke3 {[%clk 00:06:41]} {[%emt
00:01:26]} Na5 {[%clk 00:26:54]} {[%emt 00:01:13]} 50. Kd3 {[%clk 00:03:28]}
{[%emt 00:03:43]} Nc6 {[%clk 00:25:50]} {[%emt 00:01:35]} 51. Nf3 {[%clk
00:03:44]} {[%emt 00:00:12]} a5 {[%clk 00:25:09]} {[%emt 00:01:12]} 52. a4
{[%clk 00:03:18]} {[%emt 00:00:56]} bxa4 {[%clk 00:24:26]} {[%emt 00:01:14]} 53.
bxa4 {[%clk 00:03:47]} {[%emt 00:00:01]} Ke7 {[%clk 00:24:42]} {[%emt
00:00:14]} 54. Kc4 {[%clk 00:03:48]} {[%emt 00:00:28]} Kd6 {[%clk 00:25:07]}
{[%emt 00:00:05]} 55. Ng5 {[%clk 00:04:03]} {[%emt 00:00:15]} Nd8 {[%clk
00:13:37]} {[%emt 00:12:01]} 56. Kb5 {[%clk 00:04:04]} {[%emt 00:00:29]} Nc6
{[%clk 00:11:06]} {[%emt 00:03:01]} 57. Nxe6 {[%clk 00:03:04]} {[%emt
00:01:29]} Na7+ {[%clk 00:09:04]} {[%emt 00:02:33]} 58. Ka6 {[%clk 00:03:28]}
{[%emt 00:00:05]} Nc6 {[%emt 00:01:43]} 59. Kb5 1/2-1/2

[Event "Tournoi International du Pays de Charleroi 2018"]
[Site "Roux, Belgium"]
[Date "2018.07.30"]
[Round "3.17"]
[White "Hoffmeister, Frank"]
[Black "Callier, Christophe"]
[Result "1/2-1/2"]
[WhiteElo "2170"]
[BlackElo "1970"]

1. d4 {[%clk 01:30:57]} {[%emt 00:00:01]} d5 {[%clk 01:28:43]} {[%emt
00:02:17]} 2. c4 {[%clk 01:31:09]} {[%emt 00:00:18]} Nc6 {[%clk 01:29:03]}
{[%emt 00:00:11]} 3. cxd5 {[%clk 01:30:59]} {[%emt 00:00:40]} Qxd5 {[%clk
01:29:30]} {[%emt 00:00:03]} 4. e3 {[%clk 01:31:21]} {[%emt 00:00:07]} e5
{[%clk 01:29:56]} {[%emt 00:00:04]} 5. Nc3 {[%clk 01:31:44]} {[%emt 00:00:07]}
Bb4 {[%clk 01:30:22]} {[%emt 00:00:05]} 6. Bd2 {[%clk 01:32:04]} {[%emt
00:00:09]} Bxc3 {[%clk 01:30:48]} {[%emt 00:00:05]} 7. Bxc3 {[%clk 01:32:29]}
{[%emt 00:00:05]} exd4 {[%clk 01:31:05]} {[%emt 00:00:13]} 8. Ne2 {[%clk
01:32:30]} {[%emt 00:00:28]} Nf6 {[%clk 01:31:28]} {[%emt 00:00:08]} 9. Nxd4
{[%clk 01:32:52]} {[%emt 00:00:08]} O-O {[%clk 01:31:13]} {[%emt 00:00:45]} 10.
Be2 {[%clk 01:32:23]} {[%emt 00:00:58]} Ne4 {[%clk 01:29:11]} {[%emt 00:02:33]}
11. O-O {[%clk 01:32:15]} {[%emt 00:00:37]} Nxc3 {[%clk 01:28:08]} {[%emt
00:01:34]} 12. bxc3 {[%clk 01:31:37]} {[%emt 00:01:08]} Ne5 {[%clk 01:27:16]}
{[%emt 00:01:21]} 13. Qb3 {[%clk 01:25:46]} {[%emt 00:06:21]} Qe4 {[%clk
01:23:54]} {[%emt 00:03:53]} 14. Qb4 {[%clk 01:18:19]} {[%emt 00:07:56]} c5
{[%clk 01:19:35]} {[%emt 00:04:50]} 15. Qxc5 {[%clk 01:18:17]} {[%emt
00:00:32]} b6 {[%clk 01:19:54]} {[%emt 00:00:11]} 16. Qd6 {[%clk 01:07:47]}
{[%emt 00:11:00]} Bb7 {[%clk 01:19:48]} {[%emt 00:00:36]} 17. Nf3 {[%clk
01:05:01]} {[%emt 00:03:15]} Rfe8 {[%clk 01:11:22]} {[%emt 00:08:57]} 18. Rfd1
{[%clk 00:58:53]} {[%emt 00:06:38]} f6 {[%clk 00:54:02]} {[%emt 00:17:51]} 19.
Rd4 {[%clk 00:39:22]} {[%emt 00:20:00]} Qg6 {[%clk 00:50:26]} {[%emt 00:04:06]}
20. Nh4 {[%clk 00:39:39]} {[%emt 00:00:12]} Qc2 {[%clk 00:49:51]} {[%emt
00:01:06]} 21. Qc7 {[%clk 00:34:26]} {[%emt 00:05:44]} Bc6 {[%clk 00:43:39]}
{[%emt 00:06:42]} 22. Bd1 {[%clk 00:30:07]} {[%emt 00:04:48]} Qxc3 {[%clk
00:40:47]} {[%emt 00:03:23]} 23. Bb3+ {[%clk 00:30:31]} {[%emt 00:00:05]} Kh8
{[%clk 00:40:46]} {[%emt 00:00:32]} 24. Rad1 {[%clk 00:30:24]} {[%emt
00:00:37]} Qc5 {[%clk 00:34:26]} {[%emt 00:06:50]} 25. Rd8 {[%clk 00:25:36]}
{[%emt 00:05:18]} Rc8 {[%emt 00:03:44]} 26. Rxe8 Rxe8 {[%clk 00:31:11]} 27. Rd8
{[%clk 00:26:02]} {[%emt 00:00:03]} Qb4 {[%clk 00:26:42]} {[%emt 00:05:00]} 28.
Nf3 {[%clk 00:23:53]} {[%emt 00:02:39]} Qe4 {[%clk 00:18:07]} {[%emt 00:09:04]}
29. Rxe8 {[%clk 00:15:16]} {[%emt 00:09:08]} Bxe8 {[%clk 00:18:33]} {[%emt
00:00:04]} 30. Nd2 {[%clk 00:13:33]} {[%emt 00:02:12]} Qc6 {[%clk 00:15:17]}
{[%emt 00:03:47]} 31. Qxa7 {[%clk 00:06:21]} {[%emt 00:07:42]} h6 {[%clk
00:14:55]} {[%emt 00:00:52]} 32. Qa3 {[%clk 00:05:57]} {[%emt 00:00:54]} Kh7
{[%clk 00:13:49]} {[%emt 00:01:35]} 33. h3 {[%clk 00:05:19]} {[%emt 00:01:08]}
Bg6 {[%clk 00:10:22]} {[%emt 00:03:57]} 34. Kh2 {[%clk 00:04:06]} {[%emt
00:01:44]} Qc7 {[%clk 00:09:55]} {[%emt 00:00:58]} 35. g3 {[%clk 00:03:09]}
{[%emt 00:01:27]} Qd8 {[%clk 00:06:18]} {[%emt 00:04:07]} 36. Nf1 {[%clk
00:00:39]} {[%emt 00:02:59]} Qd3 {[%clk 00:02:41]} {[%emt 00:04:06]} 37. Qc1
{[%clk 00:00:52]} {[%emt 00:00:18]} Nf3 {[%clk 00:02:46]} {[%emt 00:00:25]} 38.
Kh1 {[%clk 00:00:50]} {[%emt 00:00:32]} Be4 {[%clk 00:01:51]} {[%emt 00:01:25]}
39. Qd1 {[%clk 00:00:34]} {[%emt 00:00:47]} Nd4 {[%clk 00:00:44]} {[%emt
00:01:36]} 40. Kg1 {[%clk 00:00:39]} {[%emt 00:00:26]} Nf3+ {[%clk 00:00:36]}
{[%emt 00:00:37]} 41. Kh1 {[%clk 00:01:04]} {[%emt 00:00:04]} Nd2 {[%clk
00:00:36]} {[%emt 00:00:30]} 42. Kg1 {[%clk 00:01:29]} {[%emt 00:00:05]} Nf3+
{[%clk 00:26:45]} {[%emt 00:04:22]} 43. Kh1 {[%clk 00:31:37]} {[%emt 00:00:21]}
Bg6 {[%emt 00:00:22]} 1/2-1/2